Most-Grown Fruits Worldwide - Statistics

General Stats
  • This quiz has been taken 96,552 times
    54,680 since last reset
  • The average score is 11 of 17
Answer Stats
Metric tons Fruit % Correct
149 m Apples
99%
151 m Bananas
96%
74.9 m Oranges
92%
92.8 m Grapes
83%
14.8 m Strawberries
83%
169 m Watermelons
76%
48.7 m Pears
74%
66.4 m Mangos / guavas
69%
45.5 m Peaches / nectarines
66%
31.8 m Pineapples
66%
41.5 m Melons / cantaloupes
65%
25.5 m Lemons / limes
63%
79.1 m Tangerines / mandarins / clementines
46%
19.6 m Plums
42%
15.2 m Pomelos / grapefruit
34%
15.4 m Papayas
28%
10.1 m Dates
24%
No matching quizzes found
Score Distribution
Percent of People with Each Score
Percentile by Number Answered
Your Score History
You have not taken this quiz since the last reset